| 000 | 01255nam a22003017a 4500 | ||
|---|---|---|---|
| 005 | 20101206113148.0 | ||
| 008 | 101206t xxu||||| |||| 00| 0 hin d | ||
| 010 | _aHIN-91584 | ||
| 020 |
_c150.00 _a9788121613972 |
||
| 035 | _aHN-63930 | ||
| 037 | _bDBAD/VEN | ||
| 040 |
_aDPL _bHN |
||
| 082 | _aक | ||
| 100 |
_924598 _aकोहली, नरेन्द्र |
||
| 245 |
_aएक दिन मथुरा में तथा अन्य कहानियां / _cनरेन्द्र कोहली |
||
| 246 |
_aEk Din Mathura mein tatha anya Kahaniyan _bby Narendra Kohli |
||
| 260 |
_aनई दिल्ली _bहिन्द पॉकेट बुक्स _c2009 |
||
| 270 |
_aजे-40, जोरबाग लेन _bनई दिल्ली _e110003 |
||
| 300 |
_a124पृ. _c22सेमी (अजिल्द) |
||
| 650 |
_91169 _aलघु कथाएँ, हिन्दी |
||
| 700 | _924599 | ||
| 700 | _925390 | ||
| 700 | _925450 | ||
| 700 | _925451 | ||
| 942 |
_2ddc _cHN _mकोहली _hक |
||
| 999 |
_c50025 _d50025 |
||